[Event "Moscow op-B (Women)"]
[Site "Moscow"]
[Date "2015.02.02"]
[Round "3"]
[White "Sorokina, Natalay"]
[Black "Alieva, Alexandra"]
[Result "1-0"]
[WhiteElo "1887"]
[BlackElo "2029"]
[PlyCount "145"]
[EventDate "2015.01.31"]
[EventType "swiss"]
[EventRounds "9"]
[EventCountry "RUS"]
[SourceTitle "CBM 164 Extra"]
[Source "ChessBase"]
[SourceDate "2015.03.02"]
[SourceVersion "1"]
[SourceVersionDate "2015.03.02"]
[SourceQuality "1"]

1. e4 e5 2. Nf3 Nf6 3. Nc3 Bb4 4. Bc4 0-0 5. 0-0 d6 6. d3 Bxc3 7. bxc3 Be6 8. Bb3 Nbd7 9. Re1 a5 10. a4 Nc5 11. Bg5 h6 12. Bh4 g5 13. Bg3 Qe8 14. Nd2 Bxb3 15. Nxb3 Nxa4 16. Qf3 Nh7 17. d4 f6 18. Re3 b5 19. Qe2 Qc6 20. d5 Qb6 21. c4 Nb2 22. cxb5 a4 23. Nc1 Rfb8 24. c4 Qd4 25. Qc2 Nxc4 26. Rc3 Qd2 27. Nd3 Qxc2 28. Rxc2 Na5 29. Rxa4 Rxb5 30. f3 Rc8 31. Be1 Nb7 32. Rac4 Rb1 33. Kf2 Nf8 34. Rxc7 Rxc7 35. Rxc7 Rb3 36. Ke2 Ng6 37. g3 Kf8 38. Bb4 Nc5 39. Bxc5 dxc5 40. Rxc5 Ke8 41. Rc7 Nf8 42. h4 Ra3 43. h5 Nd7 44. g4 Ra2+ 45. Ke3 Ra3 46. Kd2 Kd8 47. Rc3 Ra2+ 48. Ke3 Ra4 49. Nc5 Nxc5 50. Rxc5 Ra3+ 51. Ke2 Ke7 52. Kf2 Ra2+ 53. Ke3 Ra3+ 54. Ke2 Rb3 55. Rc7+ Ke8 56. Rh7 Kf8 57. d6 Rb6 58. d7 Rd6 59. Rh8+ Ke7 60. Rxh6 Kxd7 61. Rh7+ Ke8 62. Ra7 Kf8 63. Ra3 Kg7 64. Rd3 Ra6 65. Kd2 Ra2+ 66. Kc3 Rf2 67. Kc4 Rf1 68. Kd5 Kf7 69. Kc6 Kg7 70. Kd7 Ra1 71. Ke6 Ra6+ 72. Kf5 Ra7 73. h6+ 1-0

[Event "Moscow op-B (Women)"]
[Site "Moscow"]
[Date "2015.01.31"]
[Round "1"]
[White "Sorokina, Natalay"]
[Black "Li, Xueyi"]
[Result "0-1"]
[WhiteElo "1887"]
[BlackElo "2218"]
[PlyCount "78"]
[EventDate "2015.01.31"]
[EventType "swiss"]
[EventRounds "9"]
[EventCountry "RUS"]
[SourceTitle "CBM 164 Extra"]
[Source "ChessBase"]
[SourceDate "2015.03.02"]
[SourceVersion "1"]
[SourceVersionDate "2015.03.02"]
[SourceQuality "1"]

1. e4 c6 2. d4 d5 3. f3 Qb6 4. Nc3 dxe4 5. Nxe4 Bf5 6. c3 Nd7 7. Bd3 e6 8. Ne2 Bg6 9. 0-0 Ngf6 10. Bg5 Be7 11. Qc2 Nxe4 12. Bxe7 Nxc3 13. bxc3 Kxe7 14. Rab1 Qc7 15. Rfe1 Rhe8 16. g3 Kf8 17. Nf4 e5 18. Nxg6+ hxg6 19. Qb3 exd4 20. Rxe8+ Rxe8 21. cxd4 Qd6 22. Qc4 Nb6 23. Qb4 Qxb4 24. Rxb4 Re1+ 25. Kf2 Rh1 26. Kg2 Rd1 27. Bb1 f5 28. a4 Nxa4 29. Rxa4 Rxb1 30. Rxa7 Ke7 31. Kf2 Kd6 32. Ra8 Kd5 33. Rd8+ Kc4 34. Ke3 Rb3+ 35. Ke2 g5 36. h4 f4 37. gxf4 gxh4 38. d5 cxd5 39. Rh8 Rb2+ 0-1

[Event "Khanty-Mansiysk Governor Cup-B 8th"]
[Site "Khanty-Mansiysk"]
[Date "2012.11.18"]
[Round "4"]
[White "Ibragimov, Zuhrab"]
[Black "Sorokina, Natalay"]
[Result "0-1"]
[WhiteElo "1992"]
[BlackElo "1733"]
[PlyCount "32"]
[EventDate "2012.11.15"]
[EventType "swiss"]
[EventRounds "9"]
[EventCountry "RUS"]
[SourceTitle "CBM 151 Extra"]
[Source "ChessBase"]
[SourceDate "2012.12.18"]
[SourceVersion "1"]
[SourceVersionDate "2012.12.18"]
[SourceQuality "1"]

1. e4 e5 2. Nc3 Nf6 3. f4 d5 4. fxe5 Nxe4 5. Nxe4 dxe4 6. d4 exd3 7. Bxd3 Nc6 8. Bf4 Qd4 9. Ne2 Qxb2 10. 0-0 Bc5+ 11. Kh1 Bb6 12. a4 0-0 13. Bxh7+ Kxh7 14. Qd3+ g6 15. Rfb1 Bf5 16. Qg3 Qxc2 0-1

[Event "Khanty-Mansiysk Governor Cup-B 8th"]
[Site "Khanty-Mansiysk"]
[Date "2012.11.17"]
[Round "3"]
[White "Chigaeva, Anastasia"]
[Black "Sorokina, Natalay"]
[Result "1-0"]
[WhiteElo "2103"]
[BlackElo "1733"]
[PlyCount "141"]
[EventDate "2012.11.15"]
[EventType "swiss"]
[EventRounds "9"]
[EventCountry "RUS"]
[SourceTitle "CBM 151 Extra"]
[Source "ChessBase"]
[SourceDate "2012.12.18"]
[SourceVersion "1"]
[SourceVersionDate "2012.12.18"]
[SourceQuality "1"]

1. e4 e5 2. Nf3 Nc6 3. Nc3 Nf6 4. d4 exd4 5. Nxd4 Nxe4 6. Nxe4 Qe7 7. f3 d5 8. Nxc6 bxc6 9. Qe2 dxe4 10. Qxe4 Bf5 11. Qxe7+ Bxe7 12. c3 0-0-0 13. Be3 Rhe8 14. Ba6+ Kb8 15. Kf2 Bd3 16. Bxd3 Rxd3 17. Rhe1 Rd5 18. Bd4 g6 19. b4 a5 20. a3 Kc8 21. g3 Kd7 22. Rad1 axb4 23. axb4 Ra8 24. Re2 c5 25. bxc5 Bxc5 26. Red2 Bxd4+ 27. Rxd4 Rxd4 28. Rxd4+ Ke6 29. Ke3 c5 30. Re4+ Kd6 31. Kd3 Ra2 32. h4 Ra8 33. Kc4 Ra4+ 34. Kb5 Ra3 35. Re3 Rb3+ 36. Kc4 Ra3 37. Re8 Ra4+ 38. Kb5 Ra3 39. Rd8+ Kc7 40. Rd3 c4 41. Kxc4 Kc6 42. Rd8 Ra4+ 43. Kd3 Ra1 44. Rf8 Ra7 45. g4 Kd5 46. Rh8 f5 47. gxf5 gxf5 48. f4 Rg7 49. Rd8+ Kc5 50. Rf8 Rg3+ 51. Kd2 Rg2+ 52. Ke3 Rg3+ 53. Kf2 Rxc3 54. Rxf5+ Kd4 55. Re5 Rh3 56. h5 h6 57. Kg2 Rh4 58. Kg3 Rh1 59. Kg4 Rg1+ 60. Kf5 Rh1 61. Kg6 Rf1 62. Rf5 Ke4 63. Rf8 Rg1+ 64. Kxh6 Rg2 65. Kh7 Rg3 66. h6 Rg4 67. Kh8 Kf3 68. h7 Rg1 69. f5 Kf4 70. f6 Kf5 71. f7 1-0

[Event "Urals-ch (Women)"]
[Site "Russia"]
[Date "2012.02.28"]
[Round "4"]
[White "Gerasimova, Olga"]
[Black "Sorokina, Natalay"]
[Result "0-1"]
[WhiteElo "2129"]
[BlackElo "1680"]
[PlyCount "80"]
[EventDate "2012.02.25"]
[EventType "swiss"]
[EventRounds "9"]
[EventCountry "RUS"]
[SourceTitle "EXT 2014"]
[Source "ChessBase"]
[SourceDate "2013.11.20"]
[SourceVersion "1"]
[SourceVersionDate "2013.11.20"]
[SourceQuality "1"]

1. e4 e5 2. Nf3 Nc6 3. Bb5 a6 4. Ba4 Nf6 5. 0-0 Be7 6. Re1 b5 7. Bb3 d6 8. c3 0-0 9. h3 Na5 10. Bc2 c5 11. d3 Ne8 12. Nbd2 g6 13. Nf1 Ng7 14. Ne3 Be6 15. d4 exd4 16. cxd4 Nc4 17. Nd5 Bxd5 18. exd5 Bf6 19. a4 Qb6 20. b3 Na5 21. Bb2 c4 22. b4 Nb7 23. a5 Qc7 24. Qd2 Be7 25. Bc3 f5 26. Re2 Rae8 27. Rae1 Bf6 28. Rxe8 Rxe8 29. Rxe8+ Nxe8 30. Qe2 Qf7 31. Nd2 Nc7 32. Nf3 Nxd5 33. Qe1 Nd8 34. g3 Nc6 35. Bd1 Nxc3 36. Qxc3 Qd5 37. Qe1 Kf7 38. Qd2 Kg7 39. Be2 Bxd4 40. Ng5 Bxf2+ 0-1